00455 2200181 4500001002100000005001500021008004100036020002200077035001900099041000700118082001000125090001600135100002100151245002900172260002700201300003300228650001200261INLIS00000000001460920241224114758241224||||||||| | ||| |||| || |  a978-979-29-2680-4 0010-1224014609 aid0 a612.3 a612.3 NUR s0 aNURHETI YULIARTI00a1001 Khasiat Buah-buahan aYogyakartabandic2011 axiv + 170 hlm.; 14,5 x 18 cm 0aNutrisi